000
00323 a2200157 4500
001
68124
020
_a
9783190010608
040
_c
Anchieta - Pituba
100
_a
Lill, Klaus
240
1
0
_a
Mit uns B1+
_l
deu / ger
245
1
0
_a
Mit uns B1+
300
_a
119
362
0
_a
2017
650
4
_a
Língua alemã
942
_c
BK
999
_c
68124
_d
68124